| 000 | 00458nmm a2200169Ia 4500 | ||
|---|---|---|---|
| 008 | 251105s9999||||xx |||||||||||||||||und|| | ||
| 020 | _a9788446049036 | ||
| 041 | _aspa | ||
| 100 | _aAnderson, Perry | ||
| 245 | 0 | _aSpectrum | |
| 264 |
_a[Madrid, España] : _bAkal, _c2020 |
||
| 300 | _a544 páginas | ||
| 490 | _aPensamiento crítico | ||
| 650 | _aPolitical Science (General) | ||
| 856 | _uhttps://public.digitaliapublishing.com/a/124423 | ||
| 942 | _cCF | ||
| 999 |
_c83196 _d83196 |
||